500 Greatest Songs according to Rolling Stone - Statistics

General Stats
  • This quiz has been taken 362 times
  • The average score is 136 of 500
Answer Stats
Artist Song % Correct
3. John Lennon Imagine
91%
5, Aretha Franklin Respect
89%
9. Nirvana Smells like teen spirit
88%
8. Beatles Hey Jude
81%
1. Bob Dylan Like a Rolling Stone
81%
31. Led Zeppelin Stairway to Heaven
81%
49. The Eagles Hotel California
80%
36. U2 One
80%
2. Rolling Stones Satisfaction
79%
166. Queen Bohemian Rhapsody
77%
144. Prince Purple Rain
75%
58. Michael Jackson Billie Jean
73%
6. Beach Boys Good Vibrations
73%
20. Beatles Let it be
71%
100. Gnarls Barkley | 85. Patsy Cline Crazy
70%
174. Abba Dancing Queen
70%
35. The Doors Light my fire
69%
21. Springsteen Born to Run
68%
19. Elvis Presley Hound Dog
68%
15.The Clash London Calling
67%
11. The Who My Generation
67%
13. Beatles Yesterday
67%
296. Eminem/Dido Stan
66%
27. Derek and the Dominoes Layla
65%
7. Chuck Berry Johnny B. Goode
64%
170.REM Losing my religion
64%
47. Hendrix All Along the Watch Tower
63%
89.The Mamas and the Papas California Dreamin
63%
17. Hendrix Purple Haze
63%
182. OutKast Hey Ya!
62%
48. Simon and Garfunkel Bridge over troubled water
61%
84. The Police Every Breath You Take
61%
26. Otis Redding (Sitting on) The Dock of the Bay
61%
4. Marvin Gaye What's Going On
61%
46. David Bowie Heroes
59%
244. Sly and the Family Stone Stand
59%
280. Springsteen Born in the USA
58%
16. Beatles I Want to hold your hand
58%
67. Elvis Presley Jailhouse Rock
58%
37. Bob Marley No Woman, No Cry
58%
73. Stevie Wonder Superstition
58%
29.Beatles Help
57%
194. Amy Winehouse Rehab
57%
123. The Animals The House of the Rising Sun
57%
87. Johnny Cash Ring of Fire
56%
191. Bee Gees Stayin' alive
56%
88. The Temptations My Girl
55%
176. Rolling Stones Paint it Black
55%
122. Ben E. King Stand by me
55%
293. Run-DMC | 346. Aerosmith Walk this way
55%
52. Prince When Doves Cry
55%
492. Gloria Gaynor I Will Survive
54%
156. Creedance Clearwater Revival Proud Mary
54%
430. Elvis Presley | 95.Carl Perkins Blue Suede Shoes
53%
81. Marvin Gaye I Heard it through the Grapevine
53%
56. The Sex Pistols Anarchy in the UK
52%
190. AC/DC Back in Black
52%
99.Creedance Clearwater Revival Fortunate Son
52%
44. Ray Charles Georgia on my mind
52%
78. James Brown I Got You (I feel good)
52%
219. Dolly Parton Jolene
52%
165. Sinead O'Connor Nothing Compares 2 U
52%
457. Chubby Checker The Twist
52%
43. Little Richard Tutti Frutti
52%
110. Van Morrison Brown eyed girl
51%
167. Tracy Chapman Fast Car
51%
96. Jerry Lee Lewis Great Balls of Fire
51%
45. Elvis Presley Heartbreak Hotel
51%
259. Blondie Heart of Glass
51%
407.Lynyrd Skynyrd Sweet Home Alabama
51%
32. Rolling Stones Sympathy for the Devil
49%
22. Ronettes Be My Baby
48%
14. Dylan Blowin' in the wind
48%
25. Beach Boys God Only Knows
48%
76. Beatles Strawberry Fields Forever
48%
198. Guns n' Roses Sweet Child o' Mine
48%
365. Eurythmics Sweet Dreams
48%
344. Michael Jackson Beat It
47%
179.Tom Petty Free Fallin'
47%
245. Elton John Rocket Man
47%
384. Pink Floyd Another Brick in the Wall
46%
72 The Beach Boys California Girls
46%
38. Rolling Stones Gimme Shelter
46%
30. Johnny Cash I Walk the Line
46%
28. Beatles A Day in the life
45%
356.Elton John Candle in the Wind
45%
205. Beatles Come Together
45%
138. Beatles Eleanor Rigby
45%
175. The Sex Pistols God save the Queen
45%
168. Marvin Gaye Let's get it on
45%
483. Jefferson Airplane White Rabbit
45%
75. Led Zeppelin Whole Lotta Love
45%
215.Prince 1999
44%
130. Steppen Wolf Born to be Wild
44%
289.Blondie Call Me
44%
69. Roy Orbison Crying
44%
107. Bob Dylan | 79. The Byrds Mr Tambourine Man
44%
429. Billy Joel Piano Man
44%
473. Guns n' Roses Welcome to the Jungle
44%
137. Elton John Your Song
44%
405.Blue Oyster Cult (Don't Fear) the Reaper
43%
491.Joan Jett/Black Hearts I love rock n' roll
43%
181. Joy Division Love will tear us apart
43%
253. Black Sabbath Paranoid
43%
228. The Clash Should I stay or should I go
43%
92. Ramones Blitzkrieg Bop
42%
495. Rolling Stones Brown Sugar
42%
499. Weezer Buddy Holly
42%
193. Lynyrd Skynyrd Free Bird
42%
258. AC/DC Highway to Hell
42%
246.The B-52s Love Shack
42%
33.Ike and Tina Turner River Deep - Mountain High
42%
286. The White Stripes Seven Nation Army
42%
64. Beatles She Loves You
42%
119. The Isley Brothers Shout (Parts 1 and 2)
42%
434. Deep Purple Smoke on the Water
42%
91. Elvis Presley Suspicious Minds
42%
374. The Righteous Brothers Unchained Melody
42%
338. Queen We Will Rock You
42%
40. Martha/Vandellas Dancing in the street
41%
203. Beck Loser
41%
197. Buddy Holly Peggy Sue
41%
41. The Band The Weight
41%
397.Elton John Tiny Dancer
41%
172. Jay-Z 99 Problems
40%
62. Bo Diddley Bo Diddley
40%
118. Beyonce feat. Jay-Z Crazy in Love
40%
173. Aerosmith Dream on
40%
398.The Police Roxanne
40%
53. Percy Sledge When a man loves a woman
40%
57. Procol Harum Whiter Shade of Pale
40%
132.U2 With or without you
40%
282. David Bowie Ziggy Stardust
40%
12. Sam Cooke A Change is gonna Come
39%
490. Coldplay Clocks
39%
408. Metallica Enter Sandman
39%
93.U2 I still haven't found what I'm looking for
39%
60. Al Green Let's stay together
39%
306. Madonna Like a Prayer
39%
109. Prince Little Red Corvette
39%
159. Bill Haley and the Comets Rock around the clock
39%
97.Chuck Berry Roll Over Beethoven
39%
326. Alice Cooper School's Out
39%
272. U2 Sunday Bloody Sunday
39%
412.Rhianna Feat. Jay-Z Umbrella
39%
131. Rod Stewart Maggie May
38%
336.The Doors The End
38%
80. The Kinks You really got me
38%
432.Green Day American Idiot
37%
392.The Verve Bittersweet Symphony
37%
82. Fats Domino Blueberry Hill
37%
452. Nirvana Come as you are
37%
163. Johnny Cash Folsom Prison Blues
37%
451. Sonny and Cher I got you babe
37%
324.Pink Floyd Wish you were here
37%
390.Elton John Goodbye Yellow Brick Road
36%
264. Jeff Buckley Hallelujah
36%
23. Beatles In my life
36%
148. Janis Joplin Me and Bobby McGee
36%
224. Roy Orbison Oh, Pretty Woman
36%
236.M.I.A Paper Planes
36%
66. Bob Marley Redemption Song
36%
147. The B-52s Rock Lobster
36%
279.Jefferson Airplane Somebody to Love
36%
74. Eddie Cochran Summertime Blues
36%
223 Lou Reed Walk on the Wild Side
36%
154. Beatles A hard day's night
35%
300. Led Zeppelin Black Dog
35%
278. Beatles Something
35%
362. Eric Clapton Tears in Heaven
35%
42. The Kinks Waterloo Sunset
35%
94.Little Richard Good Golly Miss Molly
34%
141.Led Zeppelin Kashmir
33%
354. Ritchie Valens La Bamba
33%
208. Bill Withers Lean on Me
33%
54. The Kingsmen Louie Louie
33%
460. George Harrison My Sweet Lord
33%
83. Beatles Norwegian Wood
33%
456. Beatles Penny Lane
33%
446. Salt 'n Pepa Push it
33%
65. Cream Sunshine of your love
33%
51. Grandmaster Flash The Message
33%
10. Ray Charles What'd I Say
33%
256. Mott the Hoople All the young dudes
32%
201. Jimi Hendrix Hey Joe
32%
448. 50 Cent In Da Club
32%
233.Marvin Gaye Sexual Healing
32%
39. Buddy Holly That'll be the day
32%
238. Buddy Holly Everyday
31%
63. Buffalo Springfield For what it's worth
31%
334. James Brown Get Up/Sex Machine
31%
121. The Jackson 5 I want you back
31%
68. Bob Dylan Tangled up in blue
31%
34. Righteous Brothers You've lost that lovin feelin
31%
364. Creedance Clearwater Revival Bad Moon Rising
30%
120. Fleetwood Mac Go your own way
30%
317. Black Sabbath Iron Man
30%
459. Guns n' Roses Paradise City
30%
242. Dusty Springfield Son of a preacher man
30%
59. Bob Dylan The Times They Are A-Changing
30%
343. Rolling Stones Wild Horses
30%
101. Rolling Stones You Can't Always Get What You Want
30%
355. Dr Dre and 2Pac California Love
29%
387, Ray Charles Hit the road Jack
29%
71. James Brown Papa's got a brand new bag
29%
106. Simon and Garfunkel The Boxer
29%
376.Cream White Room
29%
321. Pink Floyd Comfortably Numb
28%
303. Neil Young Heart of Gold
28%
104. Donna Summer Hot Stuff
28%
369. Roberta Flack Killing me softly with his song
28%
18. Chuck Berry Maybellene
28%
423. Don Henley The Boys of Summer
28%
50. Smokey Robinson The Tracks of my Tears
28%
349. The Who Baba O'Riley
27%
332. The Supremes Baby Love
27%
345.U2 Beautiful Day
27%
425. N.W.A. Fuck the Police
27%
444.Elvis Presley Love me Tender
27%
439.Gladys Knight and the Pips Midnight Train to Georgia
27%
377.Depeche Mode Personal Jesus
27%
341. Norman Greenbaum Spirit in the Sky
27%
481. Rick James Super Freak
27%
327. Franz Ferdinand Take me Out
27%
86.Springsteen Thunder Road
27%
128. David Bowie Changes
26%
183. Booker T and the MGs Green Onions
26%
418. Donna Summer I Feel Love
26%
464. Prince Kiss
26%
186. Beatles Please Please Me
26%
70. Dionne Warwick Walk on by
26%
134. The Who Won't get fooled again
26%
285. Bill Withers Ain't no Sunshine
25%
403. Elvis Presley Can't help falling in love
25%
454, Shangri-Las Leader of the Pack
25%
416.Aerosmith Sweet Emotion
25%
316.Tina Turner What's Love Got to do with it
25%
211. Them Gloria
24%
145. Ramones I Wanna be Sedated
24%
125. Rolling Stone Jumpin' Jack Flash
24%
55.Little Richard Long Tall Sally
24%
388. U2 Pride (In the Name of Love)
24%
472. Del Shannon Runaway
24%
157. Simon and Garunkel The Sounds of Silence
24%
489. The Drifters Under the Boardwalk
24%
311. Beatles With a little help from my friends
24%
171. Joni Mitchell Both sides Now
23%
227. James Taylor Fire and Rain
23%
177. The Bobby Fuller Four I Fought the Law
23%
149. Iggy Pop Lust for Life
23%
257. Radiohead Paranoid Android
23%
469. Beatles Rain
23%
342. The Velvet Underground Sweet Jane
23%
359. Little Eva The Loco-Motion
23%
102. Jimmi Hendrix Voodoo Child
23%
136. Beatles While My Guitar Gently Weeps
23%
323. Elvis Costello Alison
22%
295. Beatles Can't buy me love
22%
153.Jimi Hendrix Foxy Lady
22%
288. Joni Mitchell Help Me
22%
435. U2 New Year's Day
22%
305. Blondie One Way or Another
22%
353. Big Brother and the Holding Co Piece of My Heart
22%
482. Kelly Clarkson Since U been gone
22%
261. The Troggs Wild Thing
22%
330. Public Enemy Fight the Power
21%
229. Chic Good Times
21%
192. Bob Dylan Knockin' on Heaven's Door
21%
251.Sugarhill Gang Rapper's Delight
21%
370.Beatles All You Need is Love
20%
488. The Cure Just like Heaven
20%
276.The Beach Boys Sloop John B
20%
394. Beatles Ticket to Ride
20%
484. Justin Timberlake Cry me a River
19%
375. Bee Gees How Deep is your Love
19%
477. The Smiths How Soon is Now
19%
216.Neil Young Rockin' in the free world
19%
61. Jerry Lee Lewis Whole Lotta Shakin Going On
19%
116. Rolling Stones Honky Tonk Woman
18%
479. Foreigner I want to know what love is
18%
231. Van Morrison Moondance
18%
24. Impressions People get ready
18%
142. Everly Brothers All I have to do is dream
17%
322. The Animals Don't let me be misunderstood
17%
455. Velvet Underground Heroin
17%
135. Wilson PIckett In the Midnight Hour
17%
445. The Stooges I wanna be your dog
17%
366.Jimi Hendrix Little Wing
17%
98. Al Green Love and Happiness
17%
255. Bobby Darin Mack the Knife
17%
395. Crosby, Stills, Nash, Young Ohio
17%
301. Rolling Stones Street Fighting Man
17%
401. The Lovin' Spoonfuls Summer in the City
17%
471. Cheap Trick Surrender
17%
372.The Box Tops The Letter
17%
195. Glen Campbell Wichita Lineman
17%
443. Rolling Stones Beast of Burden
16%
146. Sly and the Family Stone Everyday People
16%
139.Sly and the Family Stone Family Affair
16%
494. R Kelly Ignition
16%
415.Nirvana In Bloom
16%
450. Bob Marley I Shot the Sheriff
16%
310. Rolling Stones Ruby Tuesday
16%
480. Beastie Boys Sabotage
16%
486. David Bowie Young Americans
16%
204. New Order Bizarre Love Triangle
15%
90. The Five Satins In the still of the night
15%
320. Screamin' Jay Hawkins I Put a Spell on You
15%
140. Beatles I saw her standing there
15%
347. Paul McCartney Maybe I'm Amazed
15%
129. Chuck Berry Rock and Roll Music
15%
493.MGMT Time to pretend
15%
188. Creedance Clearwater Revival Who'll stop the rain
15%
213. ? and the Mysterians 96 Tears
14%
462. Nirvana All Apologies
14%
361. Elvis Presley All Shook Up
14%
103. Gene Vincent Be-bop-a-lula
14%
210. The Everly Brothers Bye Bye Love
14%
150. Everly Brothers Cathy's Clown
14%
385. Radiohead Fake Plastic Trees
14%
328.Led Zeppelin Heartbreaker
14%
265. Stevie Wonder Higher Ground
14%
212.The Beach Boys In my room
14%
485. LaBelle Lady Marmalade
14%
478.The Strokes Last Nite
14%
498. Rolling Stones Miss You
14%
77. Elvis Presley Mystery Train
14%
307.Daft Punk One More Time
14%
283. The Cure Pictures of You
14%
447. John Cougar Mellencamp Pink Houses
14%
351.Dion Runaround Sue
14%
297. The Zombies She's not there
14%
243. Dion The Wanderer
14%
318. The Everly Brothers Wake up little Susie
14%
169. The Tempations Papa was a rollin' stone
13%
340. Bob Dylan Subterranean Homesick Blues
13%
185. B.B. King The Thrill is Gone
13%
220.John Lee Hooker Boom Boom
12%
252. Aretha Franklin Chain of Fools
12%
262. The Who I can see for miles
12%
339. Bonnie Raitt I can't make you love me
12%
273. Kanye West Jesus Walks
12%
417. Pixies Monkey Gone to Heaven
12%
234. Roy Orbison Only the Lonely
12%
496. Jackson Browne Running on Empty
12%
461.Ramones Sheena is a Punk Rocker
12%
304.Prince Sign O' The Times
12%
249. The Band The Night They Drove Old Dixie Down
12%
379. Jimi Hendrix The Wind Cries Mary
12%
214. The Beach Boys Caroline, No
11%
187. Bob Dylan Desolation Row
11%
218.The Lovin' Spoonful Do you believe in magic
11%
152. The Penguins Earth Angel
11%
151. The Byrds Eight Miles High
11%
302. Bob Marley Get Up, Stand Up
11%
466. Missy Elliot Get Ur Freak On
11%
380. The Who I Can't Explain
11%
241. Patsy Cline I fall to pieces
11%
112. Hank Williams I'm so lonesome I could cry
11%
474. Van Morrison Into the Mystic
11%
424.The Notorious B.I.G Juicy
11%
105. Stevie Wonder Living for the City
11%
230. Muddy Waters Mannish Boy
11%
271. New York Dolls Personality Crisis
11%
155. Buddy Holly Rave on
11%
209. The Four Tops Reach out, I'll be there
11%
410.Sly and the Family Stone Thank You
11%
313.The Jam That's Entertainment
11%
207. Otis Redding Try a little tenderness
11%
235. The Animals We gotta get out of this place
11%
475. The Supremes Where did our love go
11%
287. Stevie Wonder You are the sunshine of my life
11%
284. The Dixie Cups Chapel of Love
10%
178. The Beach Boys Don't Worry Baby
10%
333. The Young Rascals Good Lovin'
10%
275. George Jones He stopped loving her today
10%
232. Bob Dylan Just Like a Woman
10%
440.Led Zeppelin Ramble On
10%
184. The Drifters Save the last dance for me
10%
277. Chuck Berry Sweet Little Sixteen
10%
350. Jimmy Cliff The Harder they Come
10%
497. Springsteen The Rising
10%
433. Rolling Stones Tumbling Dice
10%
114. The Drifters Up on the roof
10%
126.The Shirelles Will you love me tomorrow
10%
382.Sam Cooke Wonderful World
10%
248. Jackie Wilson (Your Love Keeps Lifting Me) Higher and Higher
10%
225. Sly and the Family Stone Dance to the music
9%
200. Elvis Presley Don't Be Cruel
9%
247. The Spencer Davis Group Gimme some lovin'
9%
164. Ray Charles I can't stop loving you
9%
124. James Brown It's a man's man's mans world
9%
381. Television Marquee Moon
9%
389. R.E.M. Radio Free Europe
9%
463. Sam and Dave Soul Man
9%
426.Crosby Stills and Nash Suite: Judy Blue Eyes
9%
298. The Clash Train in Vain
9%
414. Carpenters We've Only Just Begun
9%
438. Fats Domino Ain't That a Shame
8%
378. Bo Diddley I'm a Man
8%
487. Alice Cooper I'm Eighteen
8%
161. The Velvet Underground I'm waiting for the man
8%
189. Aretha Franklin I Never Loved a Man (the way I love you)
8%
158.The Flamingos I only have eyes for you
8%
325. Jimmy Cliff Many Rivers to Cross
8%
108.Buddy Holly Not Fade Away
8%
419. Bobbie Gentry Ode to Billie Joe
8%
240. Afrika Bambaataa Planet Rock
8%
206. Bob Dylan Positively 4th Street
8%
291. Howlin' Wolf Smokestack Lightning
8%
117. Al Green Take me to the river
8%
113. Elvis Presley That's all right
8%
406. Big Star Thirteen
8%
363. Elvis Costello Watching the Detectives
8%
393.The Allman Brothers Whipping Post
8%
115. Same Cooke You send me
8%
308.Rod Stewart Da Ya Think I'm Sexy
7%
436. Soloman Burke Everybody Needs Somebody to Love
7%
226. Muddy Waters Hoochie Coochie Man
7%
319. Roy Orbison In Dreams
7%
263.The Dells Oh, What a Night
7%
143. James Brown Please Please Please
7%
127. Big Joe Turner Shake, Rattle and Roll
7%
500. S Robinson Shop Around
7%
360. The Platters The Great Pretender
7%
409.The Shirelles Tonight's the Night
7%
133. Bo Diddley Who do you love
7%
348. The Supremes You keep me hanging on
7%
217. Hank Williams Your Cheatin' Heart
7%
467.Jay Z/UGK Big Pimpin
6%
162. Public Enemy Bring the noise
6%
411. Eddie Cochran C'mon Everybody
6%
331. Patti Smith Group Dancing Barefoot
6%
202. Parliament Flashlight
6%
281. The Staple Singers I'll Take You There
6%
268. Randy Newman Sail Away
6%
221. Howlin' Wolf Spoonful
6%
442. Love Alone Again Or
5%
309. Willie Nelson Blue Eyes Crying in the Rain
5%
458. Sam Cooke Cupid
5%
476. Aretha Franklin Do Right Woman - Do Right Man
5%
373.Bob Dylan Highway 61 Revisited
5%
250. Sly and the Family Stone Hot Fun in the Summertime
5%
239. Ray Charles I got a woman
5%
428.The Isley Brothers It's Your Thing
5%
111. Otis Redding I've been loving you too
5%
399.The Temptations Just My Imagination
5%
260. Bob Dylan Mississippi
5%
160. U2 Moment of Surrender
5%
441.Wilson Pickett Mustang Sally
5%
367. Martha and the Vandellas Nowhere to run
5%
402.The Five Stairsteps O-O-H child
5%
290. Elvis Costello Peace, Love and Understanding
5%
404. The Shangri-Las Remember (walking in the sand)
5%
468. Staple Singers Respect Yourself
5%
274. The Modern Lovers Roadrunner
5%
465. Muddy Waters Rollin Stone
5%
312. James Brown Say it Loud - I'm Black and I'm Proud
5%
180.Big Star September Gurls
5%
358. Ben E. King Spanish Harlem
5%
413.Bob Dylan Visions of Johanna
5%
222. The Left Banke Walk Away Renee
5%
437. The Clash (White Man) in Hammersmith Palais
5%
314. Frankie Lymon Why do fools fall in love
5%
431.The Smiths William It was really nothing
5%
400. The Four Tops Baby I need your loving
4%
383. Chuck Berry Brown Eyed Handsome Man
4%
422. The Four Tops Can't Help Myself
4%
329. Neil Young Cortez the Killer
4%
335. Jerry Butler/Impressions For your precious love
4%
267. The Crystals He's a Rebel
4%
294. Barrett Strong Money (That's what I want)
4%
427.Dr Dre Nuthin But a G'Thang
4%
292. Pavement Summer Babe
4%
391. Aaron Neville Tell it like it is
4%
357. The Isley Brothers That Lady
4%
270. Archie Bell and the Drells Tighten Up
4%
299. Al Green Tired of being alone
4%
352.Lavern Baker Jim Dandy
3%
453. Toots and Maytals Pressure Drop
3%
420. Little Richard The Girl Can't Help it
3%
269. Ronettes Walking in the Rain
3%
449. The Dell-Vikings Come Go With Me
2%
371. The Clash Complete Control
2%
368. Muddy Waters Got my Mojo Working
2%
237. The Byrds I'll feel a whole lot better
2%
315.Jackie Wilson Lonely Teardrops
2%
199. The Chantels Maybe Baby
2%
254.The Drifters Money Honey
2%
266. Smokey Robinson Ooo Baby Baby
2%
470. The Four Tops Standing in the shadows of love
2%
196. The Drifters There goves my baby
2%
337. Earth, Wind and Fire Way of the World
2%
396. Eric B and Rakim Know You got Soul
1%
386. Yeah Yeah Yeahs Mabs
1%
421.The Coasters Young Blood
1%
No matching quizzes found
Score Distribution
Percent of People with Each Score
Percentile by Number Answered
Your Score History
You have not taken this quiz